000 00889cab a2200277 4500
001 ABS50218
008 090401t1994 xxu||||| |||| 00| 0 eng d
035 _a(Sirsi) u74660
041 _aeng
245 _aAssessment for an equitable property tax
260 _c1994
350 _a0
490 _aIRRV Journal
_vFebruary 1994, 34-37(4)
520 _aExtracts from the OECD course on designing, implementing and evaluating property tax systems. Covers here the administation of a property tax, which requires mass appraisal. Valuation modeling and analysis of data needs is discussed.
650 _aCOST APPROACH
650 _aINCOME APPROACH
650 _aMASS APPRAISAL
650 _aMODELS
650 _aPROPERTY TAXES
650 _aRATING
650 _aValuation
_96273
690 _aRATING AND VALUATION
690 _aTAXATION
942 _n0
948 _c04/03/1997
999 _c47049
_d47049